Catálogo

Lecturas para el curso de metodología de la investigación / (Registro nro. 64491)

Detalles MARC
000 -LEADER
fixed length control field 01184cam a2200313 i 4500
001 - CONTROL NUMBER
control field 64491
003 - CONTROL NUMBER IDENTIFIER
control field Mx-PuUPA
005 - DATE AND TIME OF LATEST TRANSACTION
control field 20220606100339.0
008 - FIXED-LENGTH DATA ELEMENTS--GENERAL INFORMATION
fixed length control field 160411s2012 sp gr 000 0 spa d
020 ## - INTERNATIONAL STANDARD BOOK NUMBER
International Standard Book Number 9786071709387
040 ## - CATALOGING SOURCE
Original cataloging agency Mx-PuUPA
Language of cataloging spa
Transcribing agency rda
Modifying agency Mx-PuUPA
Description conventions Mx-PuUPA
041 0# - LANGUAGE CODE
Language code of text/sound track or separate title spa
245 10 - TITLE STATEMENT
Title Lecturas para el curso de metodología de la investigación /
Statement of responsibility, etc. compilador, Fernando Arias Galicia
250 ## - EDITION STATEMENT
Edition statement 2a edición
264 #1 - PRODUCTION, PUBLICATION, DISTRIBUTION, MANUFACTURE, AND COPYRIGHT NOTICE
Place of production, publication, distribution, manufacture México :
Name of producer, publisher, distributor, manufacturer Editorial Trillas,
Date of production, publication, distribution, manufacture, or copyright notice 2012
300 ## - PHYSICAL DESCRIPTION
Extent 621 páginas ;
Dimensions 23 cm
336 ## - CONTENT TYPE
Content type term text
Content type code txt
Fuente rdacontent
337 ## - MEDIA TYPE
Source rdamedia
Media type term sin medio
Media type code n
338 ## - CARRIER TYPE
Source rdacarrier
Carrier type term volumen
Carrier type code nc
505 ## - FORMATTED CONTENTS NOTE
Formatted contents note Introducción a la teoría del conocimiento.<br/>Protocolo de la investigación<br/>Procesamiento de datos<br/>Comunicación de los resultados de la investigación.
650 #7 - SUBJECT ADDED ENTRY--TOPICAL TERM
Source of heading or term armarc
Topical term or geographic name entry element Ciencias sociales
650 #7 - SUBJECT ADDED ENTRY--TOPICAL TERM
Source of heading or term armarc
Topical term or geographic name entry element Ciencias sociales
General subdivision Investigaciones
650 #7 - SUBJECT ADDED ENTRY--TOPICAL TERM
Source of heading or term armarc
Topical term or geographic name entry element Ciencias sociales
General subdivision Metodología
650 #7 - SUBJECT ADDED ENTRY--TOPICAL TERM
Source of heading or term armarac
Topical term or geographic name entry element Investigación
General subdivision Metodología
700 1# - ADDED ENTRY--PERSONAL NAME
Personal name Arias Galicia, Fernando,
Relator term compilador
942 ## - ADDED ENTRY ELEMENTS (KOHA)
Source of classification or shelving scheme Dewey Decimal Classification
Koha item type Libro
Classification part 300.72
Item part L455
Existencias
Withdrawn status Lost status Source of classification or shelving scheme Damaged status Not for loan Collection code Home library Current library Shelving location Date acquired Source of acquisition Total Checkouts Full call number Barcode Date last seen Price effective from Koha item type
    Dewey Decimal Classification   Consulta en sala General Tehuacán Tehuacán Sala general 15/07/2017 Compra   300.18 ARI 2012 510927 08/01/2025 15/07/2017 Reserva permanente
    Dewey Decimal Classification     General Tehuacán Tehuacán Sala general 06/06/2022     300.72 L455 2012 968000000807 08/01/2025 06/06/2022 Libro